Chaîne de mots - 5 lettres - Statistiques

Statistiques générales
  • Ce quiz a été pris 386 fois
  • Le résultat moyen est 14 sur 20
Statistiques - réponses
Définition Réponse % Correct
Animal attendu à Pâques Lapin
97%
Couleur primaire Jaune
96%
Le fils de mon frère Neveu
96%
Pas petit Grand
94%
Il est fêté pour la saint valentin Amour
92%
Contraire de urbain Rural
91%
Entre le genou et la cheville Tibia
88%
Utile à nos chaussures Lacet
87%
Etendue d'eau plus petite qu'un lac Etang
86%
Produite par nos reins Urine
84%
Adjectif autour du nez Nasal
73%
Oiseau majestueux Aigle
65%
Acte criminel Delit
60%
Boîte à bijoux Ecrin
58%
Homme marié Epoux
52%
Espion japonais Ninja
48%
Gaz noble Xenon
43%
Les Apaches ou les Iroquois en sont Tribu
42%
5eme saveur souvent oubliée Umami
40%
Synonyme de sortie Issue
32%
Aucun quiz correspondant
Distribution des résultats
% des personnes avec chaque résultat
Percentile par nombre de réponses
Votre historique - résultats
Vous n’avez pas pris ce quiz